Adelaide Crows 2017 players - Statistics

General Stats
  • This quiz has been taken 184 times
  • The average score is 20 of 40
Answer Stats
Year No. Answer % Correct
2017 13 Taylor Walker
94%
2017 35 Matthew Signorello
93%
2017 18 Eddie Betts
91%
2017 9 Rory Sloane
91%
2017 2 Brad Crouch
84%
2017 44 Matt Crouch
84%
2017 24 Sam Jacobs
74%
2017 23 Charlie Cameron
71%
2017 12 Daniel Talia
70%
2017 4 Josh Jenkins
69%
2017 29 Rory Laird
68%
2017 34 Elliott Himmelberg
66%
2017 33 Brodie Smith
65%
2017 39 Tom Doedee
65%
2017 7 Jardon Gallucci
63%
2017 6 Jake Lever
59%
2017 11 Paul Seedsman
54%
2017 27 Tom Lynch
54%
2017 8 Jake Kelly
53%
2017 15 Kyle Hartigan
50%
2017 16 Luke Brown
48%
2017 21 Rory Atkins
48%
2017 5 Scott Thompson
47%
2017 3 Riley Knight
46%
2017 22 Andy Otten
43%
2017 14 David McKay
42%
2017 43 Reily O'Brien
41%
2017 31 Myles Poholke
39%
2017 26 Richard Douglas
39%
2017 30 Wayne Milera
37%
2017 41 Mitch McGovern
35%
2017 28 Cam Ellis-Yolmen
29%
2017 17 Curtley Hampton
20%
2017 25 Kyle Cheney
19%
2017 1 Jonathan Beech
16%
2017 32 Troy Menzel
15%
2017 10 Harrison Wigg
14%
2017 40 Ben Davis
10%
2017 38 Harry Deer
6%
2017 36 Dean Gore
5%
No matching quizzes found
Score Distribution
Percent of People with Each Score
Percentile by Number Answered
Your Score History
You have not taken this quiz